Giáo trình thống kê - phép thí nghiệm

Giáo trình tóm tắt một số phương pháp thống kê và các kiểu bố trí thí nghiệm cơ bản được sử dụng phổ biến trong nông nghiệp

Spremljeno u:
Bibliografski detalji
Glavni autor: Phan, Thị Thanh Thuỷ
Format: Knjiga
Jezik:Undetermined
Izdano: Cần Thơ Trường Đại học Cần Thơ 2008
Teme:
Oznake: Dodaj oznaku
Bez oznaka, Budi prvi tko označuje ovaj zapis!
Thư viện lưu trữ: Trung tâm Học liệu Trường Đại học Cần Thơ
LEADER 01063nam a2200229Ia 4500
001 CTU_134731
008 210402s9999 xx 000 0 und d
082 |a 519.5 
082 |b Th523 
100 |a Phan, Thị Thanh Thuỷ 
245 0 |a Giáo trình thống kê - phép thí nghiệm 
245 0 |c Phan Thị Thanh Thuỷ 
260 |a Cần Thơ 
260 |b Trường Đại học Cần Thơ 
260 |c 2008 
520 |a Giáo trình tóm tắt một số phương pháp thống kê và các kiểu bố trí thí nghiệm cơ bản được sử dụng phổ biến trong nông nghiệp 
526 |a Xác suất thống kê và phép thí nghiệm - KHCT,Bố trí thí nghiệm và thống kê 
526 |b NN184,MT615 
650 |a Experimental design,Agriculture,Bố trí thí nghiệm,Nông nghiệp 
650 |x statistical methods,phương pháp thống kê 
904 |i Huỳnh Mai 
980 |a Trung tâm Học liệu Trường Đại học Cần Thơ